000 00202 a2200097 4500
020 _a9780670032198
041 _aeng
100 _aDearie, john
245 _aLove and other recreational sports
942 _cBK
999 _c4597
_d4597